Ricostruisci la Carriera del Calciatore - Denis Zakaria - Statistics

Statistiche generali
  • Questo quiz è stato fatto 13 volte
  • Il punteggio medio è 6 su 6
Statistiche sulle risposte
Hint Risposta % Corretto
2017-2022 Borussia M'gladbach
100%
2022-2023 Chelsea
100%
2023- Monaco
100%
2015-2017 Young Boys
90%
2022 Juventus
80%
2014-2015 Servette
80%
Nessun quiz corrispondente trovato
Distribuzione punteggi
Percentuale di utenti per punteggio
Percentile per numero di risposta
I tuoi punteggi nel tempo
Non hai fatto questo quiz